Guess the City via the Image #3 - Statistics

General Stats
  • This quiz has been taken 35 times
  • The average score is 9 of 15
Answer Stats
Picture Answer % Correct
Beijing
97%
Mecca
97%
Venice
93%
Athens
87%
Barcelona
80%
Monaco
80%
Florence
63%
Pyongyang
60%
Taipei
57%
Los Angeles
53%
Doha
43%
Melbourne
40%
Atlanta
33%
Philadelphia
30%
Guangzhou
27%
No matching quizzes found
Score Distribution
Percent of People with Each Score
Percentile by Number Answered
Your Score History
You have not taken this quiz